000 00783nam a2200253Ia 4500
003 OSt
005 20220930070005.0
006 a|||||r|||| 00| 0
007 ta
008 220926b |||||||| |||| 00| 0 eng d
024 _a6364
037 _cTheses
040 _aCRL
_cCRL
_beng
041 _2eng
_aeng
100 _aRavinder Nath
_9526626
110 _aUniversity of Delhi. Faculty of Medical Sciences. Department of Surgery
245 0 _aClinical observations of cholecystitis and its sequelae
260 _c1968
650 _aSURGERY
700 _a Dr K P Bhargava Supervisor
_9521561
700 _aUniversity of Delhi. Faculty of Medical Sciences. Department of Surgery
942 _cDIS
_2CC
999 _c860286
_d860286